[Event "Gatineau Outaouais op U1500"]
[Site "Gatineau"]
[Date "2014.06.07"]
[Round "2"]
[White "Lukezich, John IF"]
[Black "Dubois, Lorraine"]
[Result "1-0"]
[WhiteElo "1468"]
[BlackElo "1141"]
[PlyCount "63"]
[EventDate "2014.06.06"]
[EventType "swiss"]
[EventRounds "5"]
[EventCountry "CAN"]
[SourceTitle "EXT 2022"]
[Source "ChessBase"]
[SourceDate "2021.10.06"]
[SourceVersion "1"]
[SourceVersionDate "2021.10.06"]
[SourceQuality "1"]

1. e4 Nf6 2. e5 Nd5 3. c4 Nb6 4. d4 d5 5. exd6 exd6 6. Nc3 Be7 7. Be3 0-0 8. Bd3 N8d7 9. b3 Nf6 10. h3 d5 11. c5 Nbd7 12. Nf3 c6 13. b4 b6 14. 0-0 bxc5 15. bxc5 a5 16. a4 Nb8 17. Re1 Na6 18. Na2 Rb8 19. Qe2 Nb4 20. Nxb4 Rxb4 21. Bd2 Rb2 22. Qxe7 Be6 23. Qxd8 Rxd8 24. Bxa5 Ra8 25. Bb6 Rb4 26. a5 h6 27. Reb1 Rxb1+ 28. Rxb1 g5 29. Ne5 Bd7 30. a6 Re8 31. a7 Nh5 32. Ba6 1-0

[Event "Gatineau TORO U1900"]
[Site "Gatineau"]
[Date "2013.06.09"]
[Round "4"]
[White "Piche, Guy"]
[Black "Lukezich, John IF"]
[Result "1-0"]
[WhiteElo "1750"]
[BlackElo "1508"]
[PlyCount "45"]
[EventDate "2013.06.07"]
[EventType "swiss"]
[EventRounds "5"]
[EventCountry "CAN"]
[SourceTitle "EXT 2022"]
[Source "ChessBase"]
[SourceDate "2021.10.06"]
[SourceVersion "1"]
[SourceVersionDate "2021.10.06"]
[SourceQuality "1"]

1. f4 Nf6 2. b3 d5 3. Nf3 e6 4. e3 c5 5. Bb2 Nc6 6. Bb5 a6 7. Bxc6+ bxc6 8. Ne5 Qc7 9. 0-0 Be7 10. d3 g6 11. Nd2 Qb6 12. Ng4 Nxg4 13. Qxg4 Rg8 14. Qh3 h5 15. Kh1 Bd7 16. Nf3 f6 17. Qh4 0-0-0 18. Bxf6 Bxf6 19. Qxf6 Rdf8 20. Qe7 Re8 21. Qd6 Rd8 22. Ne5 Be8 23. Qxe6+ 1-0

[Event "Gatineau TORO U1900"]
[Site "Gatineau"]
[Date "2013.06.08"]
[Round "3"]
[White "Lukezich, John IF"]
[Black "Douyere, Nicolas"]
[Result "0-1"]
[WhiteElo "1508"]
[BlackElo "1709"]
[PlyCount "76"]
[EventDate "2013.06.07"]
[EventType "swiss"]
[EventRounds "5"]
[EventCountry "CAN"]
[SourceTitle "EXT 2022"]
[Source "ChessBase"]
[SourceDate "2021.10.06"]
[SourceVersion "1"]
[SourceVersionDate "2021.10.06"]
[SourceQuality "1"]

1. e4 c6 2. d4 d5 3. Nc3 dxe4 4. Nxe4 Bf5 5. Ng3 Bg6 6. Nf3 h6 7. Ne5 Bh7 8. Bc4 e6 9. 0-0 Nf6 10. c3 Nbd7 11. a4 Be7 12. h3 Qc7 13. Bf4 Bd6 14. Re1 0-0 15. Bd3 Bxd3 16. Qxd3 Nd5 17. Bd2 Nxe5 18. dxe5 Bxe5 19. Qf3 Bf4 20. Rad1 Bxd2 21. Rxd2 Rad8 22. Rd4 c5 23. Rg4 Nf6 24. Rh4 Rd5 25. Ne4 Nxe4 26. Qxe4 Rfd8 27. Qe3 Rd2 28. Re2 Rxb2 29. g3 Qc6 30. f3 Rd1+ 31. Kf2 Rbb1 32. Rd2 Rf1+ 33. Kg2 Rg1+ 34. Kh2 Rgd1 35. Rf4 Qd5 36. Re2 Rh1+ 37. Kg2 Qd1 38. Qf2 Rh2+ 0-1

[Event "Gatineau op U1600"]
[Site "Gatineau"]
[Date "2013.03.02"]
[Round "2"]
[White "Lukezich, John IF"]
[Black "Ketata, Nabil"]
[Result "1-0"]
[WhiteElo "1380"]
[BlackElo "926"]
[PlyCount "31"]
[EventDate "2013.03.01"]
[EventType "swiss"]
[EventRounds "5"]
[EventCountry "CAN"]
[SourceTitle "EXT 2022"]
[Source "ChessBase"]
[SourceDate "2021.10.06"]
[SourceVersion "1"]
[SourceVersionDate "2021.10.06"]
[SourceQuality "1"]

1. e4 Nf6 2. e5 Nd5 3. c4 Nb6 4. d4 d6 5. exd6 Qxd6 6. c5 Qe6+ 7. Be3 Nd5 8. Bc4 Qg6 9. Bxd5 e6 10. Bf3 Nc6 11. a3 Be7 12. Nc3 e5 13. d5 e4 14. Bxe4 Bf5 15. Bxf5 Qxf5 16. dxc6 1-0